<?xml version="1.0" encoding="UTF-8"?>
<record
    xmlns:xsi="http://www.w3.org/2001/XMLSchema-instance"
    xsi:schemaLocation="http://www.loc.gov/MARC21/slim http://www.loc.gov/standards/marcxml/schema/MARC21slim.xsd"
    xmlns="http://www.loc.gov/MARC21/slim">

  <leader>02074nam a2200445 a 4500</leader>
  <controlfield tag="008">180504e2018    ag  |||fr|||| 001 0 spa d</controlfield>
  <datafield tag="020" ind1=" " ind2=" ">
    <subfield code="a">9789874073471</subfield>
  </datafield>
  <datafield tag="041" ind1=" " ind2=" ">
    <subfield code="a">spa</subfield>
  </datafield>
  <datafield tag="092" ind1=" " ind2=" ">
    <subfield code="c">158.1</subfield>
    <subfield code="l">13</subfield>
    <subfield code="s">COR</subfield>
  </datafield>
  <datafield tag="100" ind1="1" ind2=" ">
    <subfield code="a">Correa Rojas, Maria del Valle</subfield>
    <subfield code="e">Comp.</subfield>
    <subfield code="9">3887</subfield>
  </datafield>
  <datafield tag="245" ind1=" " ind2=" ">
    <subfield code="a">Calidad de vida y los determinantes sociales de los estudiante universitarios /</subfield>
    <subfield code="c">Mar&#xED;a del Valle Correa Rojas</subfield>
  </datafield>
  <datafield tag="250" ind1=" " ind2=" ">
    <subfield code="a">1a ed.</subfield>
  </datafield>
  <datafield tag="260" ind1=" " ind2=" ">
    <subfield code="a">Salta:</subfield>
    <subfield code="b">Editorial Hanne;</subfield>
    <subfield code="c">2018.</subfield>
  </datafield>
  <datafield tag="300" ind1=" " ind2=" ">
    <subfield code="a">180 p.</subfield>
    <subfield code="c">20x14cm</subfield>
  </datafield>
  <datafield tag="500" ind1=" " ind2=" ">
    <subfield code="a">Correa Rojas, M. del V. (2018).  Calidad de vida y los determinantes sociales de los estudiantes universitarios. (1a ed.). Salta : Editorial Hanne.</subfield>
  </datafield>
  <datafield tag="590" ind1=" " ind2=" ">
    <subfield code="a">Donaci&#xF2;n de la Universidad  Nacional de Salta, Facultad de Ciencias de la Salud, mayo 2018.</subfield>
  </datafield>
  <datafield tag="653" ind1=" " ind2=" ">
    <subfield code="a">Determinantes sociales, calidad de vida y la universidad.</subfield>
  </datafield>
  <datafield tag="653" ind1=" " ind2=" ">
    <subfield code="a">Determinantes sociales en los estudiantes universitarios</subfield>
  </datafield>
  <datafield tag="653" ind1=" " ind2=" ">
    <subfield code="a">La otra cara de los determinantes de los estudiantes universitarios: la mirada interna.</subfield>
  </datafield>
  <datafield tag="653" ind1=" " ind2=" ">
    <subfield code="a">Inequidad y alimentaci&#xF2;n en estudiantes universitarios.</subfield>
  </datafield>
  <datafield tag="653" ind1=" " ind2=" ">
    <subfield code="a">Percepci&#xF2;n de salud, alimentaci&#xF2;n, imagen corporal y calidad de vida de los estudiantes universitarios.</subfield>
  </datafield>
  <datafield tag="653" ind1=" " ind2=" ">
    <subfield code="a">Bienestar subjetivo.</subfield>
  </datafield>
  <datafield tag="653" ind1=" " ind2=" ">
    <subfield code="a">Factores conductuales modificables para enfermedad cardiovascular presentes en ingresantes universitarios.</subfield>
  </datafield>
  <datafield tag="653" ind1=" " ind2=" ">
    <subfield code="a">Satisfacci&#xF2;n con la calidad de vida a nivel pa&#xEC;s de los estudiantes universitarios.</subfield>
  </datafield>
  <datafield tag="653" ind1=" " ind2=" ">
    <subfield code="a">Politica e instituciones.</subfield>
  </datafield>
  <datafield tag="700" ind1="1" ind2=" ">
    <subfield code="a">Burgos, Mirta Josefina.</subfield>
    <subfield code="9">3890</subfield>
  </datafield>
  <datafield tag="700" ind1="1" ind2=" ">
    <subfield code="a">De Na&#xF3;n, Lidia Elbirt.</subfield>
    <subfield code="9">3900</subfield>
  </datafield>
  <datafield tag="700" ind1="1" ind2=" ">
    <subfield code="a">Goyechea, Julieta.</subfield>
    <subfield code="9">3892</subfield>
  </datafield>
  <datafield tag="700" ind1="1" ind2=" ">
    <subfield code="a">Herrera, Mar&#xED;a del Carmen.</subfield>
    <subfield code="9">3893</subfield>
  </datafield>
  <datafield tag="700" ind1="1" ind2=" ">
    <subfield code="a">Herrera, Mariela Liliana.</subfield>
    <subfield code="9">3901</subfield>
  </datafield>
  <datafield tag="700" ind1="1" ind2=" ">
    <subfield code="a">M&#xE1;rquez, Romina.</subfield>
    <subfield code="9">3895</subfield>
  </datafield>
  <datafield tag="700" ind1="1" ind2=" ">
    <subfield code="a">Mayorga, Meri.</subfield>
    <subfield code="9">3902</subfield>
  </datafield>
  <datafield tag="700" ind1="1" ind2=" ">
    <subfield code="a">M&#xE9;ndez, Viviana.</subfield>
    <subfield code="9">3896</subfield>
  </datafield>
  <datafield tag="700" ind1="1" ind2=" ">
    <subfield code="a">Morales, Sonia.</subfield>
    <subfield code="9">3897</subfield>
  </datafield>
  <datafield tag="700" ind1="1" ind2=" ">
    <subfield code="a">Miguel, Nina Olivares.</subfield>
    <subfield code="9">3903</subfield>
  </datafield>
  <datafield tag="700" ind1="1" ind2=" ">
    <subfield code="a">Poderti, Ver&#xF3;nica.</subfield>
    <subfield code="9">3894</subfield>
  </datafield>
  <datafield tag="700" ind1="1" ind2=" ">
    <subfield code="a">Tejerina, Jos&#xE9;.</subfield>
    <subfield code="9">3898</subfield>
  </datafield>
  <datafield tag="700" ind1="1" ind2=" ">
    <subfield code="a">Yapura, Soledad.</subfield>
    <subfield code="9">3899</subfield>
  </datafield>
  <datafield tag="942" ind1=" " ind2=" ">
    <subfield code="2">ddc</subfield>
    <subfield code="c">BK</subfield>
  </datafield>
  <datafield tag="999" ind1=" " ind2=" ">
    <subfield code="c">2715</subfield>
    <subfield code="d">2715</subfield>
  </datafield>
  <datafield tag="952" ind1=" " ind2=" ">
    <subfield code="0">0</subfield>
    <subfield code="1">0</subfield>
    <subfield code="2">ddc</subfield>
    <subfield code="4">0</subfield>
    <subfield code="7">0</subfield>
    <subfield code="a">BFM</subfield>
    <subfield code="b">BFM</subfield>
    <subfield code="c">CR</subfield>
    <subfield code="d">2018-05-04</subfield>
    <subfield code="e">Donaci&#xF2;n de la Universidad  Nacional de Salta.</subfield>
    <subfield code="l">0</subfield>
    <subfield code="o">158.1 13 COR</subfield>
    <subfield code="p">4231</subfield>
    <subfield code="r">2018-05-04</subfield>
    <subfield code="t">Ej. 1</subfield>
    <subfield code="w">2018-05-04</subfield>
    <subfield code="y">BK</subfield>
    <subfield code="z">Donaci&#xF2;n de la Universidad Nacional de Salta, Facultad de Ciencias de la Salud, mayo 2018.</subfield>
  </datafield>
</record>
